|
|
|
|
| LEADER |
00000cam a2200000 i 4500 |
| 001 |
1/39290 |
| 008 |
061213s1963 ger d |
| 035 |
|
|
|l 10086552
|
| 040 |
|
|
|a GR-MY-UA
|b gre
|e aacr
|
| 041 |
0 |
|
|a ger
|
| 082 |
0 |
|
|a 201
|2 (22)
|
| 100 |
1 |
|
|a Buhr, Heinrich.
|
| 245 |
1 |
4 |
|a Der Glaube - was ist das? /
|c Heinrich Buhr
|
| 260 |
|
|
|a [Pfullingen] :
|b Neske,
|c [1963]
|
| 300 |
|
|
|a 149 σ.;
|c 21 εκ.
|
| 500 |
|
|
|a Με: Biblische religion und die Frage nach dem Sein / Paul Tillich. - Was ist Christentum? / Friedrich Gogarten. - Weltbild und Glaube im 20. Jahrhundert / Heinz-Horst Schrey. - Der Standort der Theologie in Unserer Zeit / Hans-Rudolf Muller-Schwefe. - Symbol und Wirklichkeit / Paul Tillich
|
| 650 |
0 |
0 |
|a Faith.
|
| 852 |
|
|
|a INST
|b RHODES
|c KRI
|e 20061213
|h 201 TIL
|p 005400027359
|q 005400027359
|t BK
|y 0
|
| 901 |
|
|
|a BIBL4-2006-3
|
| 909 |
|
|
|a Ρ
|b 123817
|
| 970 |
|
|
|a ΚΟΖΑ
|b ΜΑΡΙΑ
|z 2006/12/13
|